000 01861 a2200289 4500
003 OSt
005 20140724163304.0
008 140724b xxu||||| |||| 00| 0 eng d
050 _aDT433.582.K47
_bR34 2013
100 _aNg'weno, Hillary
245 _aThe race to State House 2013.
_bUhuru Kenyatta /
_ca Kenya History & Biographies Company Limited production ; written, produced and directed by Hilary Ng’weno
246 _aUhuru Kenyatta
260 _aNairobi :
_bKenya History & Bibliographies Co. Ltd.,
_cc2013.
300 _a1 videodisc of 1 (DVD) (60 min.) :
_bsd., col. ;
_c4 3/4 in.
440 _aKenyan Heritage series
500 _aCopyright: Kenya History & Biographies Company Limited production ; 2013.
500 _aSummary from videodisc container.
500 _aSource used: videodisc container.
508 _aResearched by Horace Awori ; production co-ordinator, Alice Kageni ; office assistants, Catherine Angoya, Nicodemus Osoro, Eunice Kageni ; music, Manasses Kuria ; graphics, Martin Kalula ; narration recording, Sauti Media Productions ; production assistant, Clifford Akumu ; edited by Moses Wanyama.
511 _aNarrator: Lorna Dias.
520 _aThis is the story of Uhuru Kenyatta’s race for state house that will be determined on March 4th 2013 when Kenyans go to the polls to elect a new president, a deputy president, and members of the senate, the National Assembly and the County Assemblies. It traces Odinga’s place in Kenyan politics since the controversial December 2007 general election that resulted in violence in several parts of the country leaving more than 1,000 Kenyans dead and half a million others homeless.
655 _2Documentary films.
700 _4Ngʾweno, Hilary,
710 _4Kenya History & Biographies Co. Ltd.
942 _cCD
_2lcc
999 _c42039
_d42039